Sobre ortografía española / (Record no. 170310)

MARC details
000 -LEADER
campo de control de longitud fija 00751nam a22002175i 4500
001 - NÚMERO DE CONTROL
campo de control 170310
003 - IDENTIFICADOR DE NÚMERO DE CONTROL
campo de control ES-MaACL
005 - FECHA Y HORA DE LA ÚLTIMA TRANSACCIÓN
campo de control 20250522063050.0
008 - DATOS DE LONGITUD FIJA--INFORMACIÓN GENERAL
campo de control de longitud fija 090223s1992 sp |||| | spa d
020 ## - NÚMERO INTERNACIONAL ESTÁNDAR DEL LIBRO
Número Internacional Estándar del Libro 84-7522-494-6
080 ## - NÚMERO DE LA CLASIFICACIÓN DECIMAL UNIVERSAL
Número de la Clasificación Decimal Universal 811.134.2'35
100 1# - ENTRADA PRINCIPAL--NOMBRE DE PERSONA
Nombre de persona Carnicer, Ramón,
Fechas asociadas al nombre 1912-2007
9 (RLIN) 35377
245 10 - MENCIÓN DEL TÍTULO
Título Sobre ortografía española /
Mención de responsabilidad, etc. Ramón Carnicer.
260 ## - PUBLICACIÓN, DISTRIBUCIÓN, ETC.
Lugar de publicación, distribución, etc. Madrid :
Nombre del editor, distribuidor, etc. Visor,
Fecha de publicación, distribución, etc. 1992.
300 ## - DESCRIPCIÓN FÍSICA
Extensión 57 p. ;
Dimensiones 21 cm.
490 1# - MENCIÓN DE SERIE
Mención de serie Biblioteca gráfica de la lengua española ;
Designación de volumen o secuencia 4
650 14 - PUNTO DE ACCESO ADICIONAL DE MATERIA--TÉRMINO DE MATERIA
Término de materia o nombre geográfico como elemento de entrada Lengua española-
Subdivisión general Ortografía.
9 (RLIN) 14177
830 0# - PUNTO DE ACCESO ADICIONAL DE SERIE-TÍTULO UNIFORME
Título uniforme Biblioteca gráfica de la lengua española ;
Designación de volumen o secuencia 4
9 (RLIN) 186951
852 ## - LOCALIZACIÓN
Ubicación ES-MaACL
Número de control de estantería 2249-F-6
itemnumber R.140890
Nota libre .- Biblioteca Jacinto Martínez Lacalle
Holdings
Estatus retirado Estado de pérdida Estado de daño No para préstamo Colección Biblioteca de origen Biblioteca actual Ubicación en estantería Fecha de adquisición Fuente de adquisición Total de préstamos Signatura topográfica completa Código de barras Visto por última vez Precio de reemplazo Tipo de ítem Koha
        Colección de folletos Biblioteca del Ateneo de Madrid Biblioteca del Ateneo de Madrid Depósito folletos 23/02/2009     2249-F-6 1178797 23/02/2023 23/02/2023 Folleto